1541 1998 1926 1130 1463 1495 1745 1226 1601 1687 1185 1407 1329 1344 1422 1229 1530 1347 1908 1782 1341 1746 1011 1735 1872 1927 1734 1774 1827 1159 1841 1211 1615 1826 1036 1894 1884 1464 1612 1509 1621 1540 1770 1418 1432 1845 1966 1644 1615 1104 1076 1028 1638 1856 1693 1733 1800 1669 1588 1165 1663 1293 1066 1209 1405 1333 1311 1441 1855 1198 1660 1862 1204 1028 1616 1813 1205 1907 1041 1954 1430 1929 1648 1690 1666 1050 1820 1787 1441 1816 1009 1335 1734 1486 1359 1221 1726 1529 1520 BCNSPRNW ULIB Ver.6.0+V

เปลี่ยนเป็นภาษาไทย

Change to English
 แสดงรายละเอียดบรรณานุกรม
  กลับหน้าหลัก

Brief Record : Get Marc (ISO 2709) : E-mail record : QR code < ปิดหน้าต่าง
LEADER : 00000nam 2200000uu 4500
001    13399126609
003     ULIB
008    190122s2561||||th 000 0 tha d
020    ^a9789740338154
060 04 ^aWS105^bพ262จ
100 0  ^aพรรณทิพย์ ศิริวรรณบุศย์
245 10 ^aจิตวิทยาพัฒนาการ /^cพรรณทิพย์ ศิริวรรณบุศย์
250    ^aพิมพ์ครั้งที่ 1
260    ^aกรุงเทพฯ :^bจุฬาลงกรณ์มหาวิทยาลัย,^c2561
300    ^a175 หน้า
504    ^aบรรณานุกรมท้ายเล่ม
650  7 ^aจิตวิทยา
650  7 ^aจิตวิทยาประยุกต์
650  2 ^aPsychology, Applied
945    ^p190^l0^i004840
945    ^p190^l0^i004845
945    ^p190^l0^i004844
945    ^p190^l0^i004841
945    ^p190^l0^i004842
945    ^p190^l0^i004843
999    ^aประนอม เกษจรัล
รายการนี้ยังไม่มีแท็ก
คุณยังไม่ได้ล็อกอิน คุณสามารถมีกิจกรรมร่วมกับเว็บไซต์ได้ แต่ต้องล็อกอินก่อน ::
  ล็อกอิน

รายการสื่อสารสนเทศ

ลำดับที่ ประเภท เลขเรียก/บาร์โค้ด สถานที่ สถานะ
1. วิทยาศาสตร์การแพทย์ และสุขภาพ
หนังสือสำรอง
สถานะ=หนังสือสำรอง
WS105 พ262จ ฉ.1 
  Barcode: 004840
ห้องสมุดวิทยาเขตสวรรค์ประชารักษ์
►หนังสือทั่วไป
บนชั้น
2. วิทยาศาสตร์การแพทย์ และสุขภาพ
วิทยาศาสตร์การแพทย์ และสุขภาพ
WS105 พ262จ ฉ.2 
  Barcode: 004841
ห้องสมุดวิทยาเขตสวรรค์ประชารักษ์
►หนังสือทั่วไป
บนชั้น
3. วิทยาศาสตร์การแพทย์ และสุขภาพ
วิทยาศาสตร์การแพทย์ และสุขภาพ
WS105 พ262จ ฉ.3 
  Barcode: 004842
ห้องสมุดวิทยาเขตสวรรค์ประชารักษ์
►หนังสือทั่วไป
บนชั้น
4. วิทยาศาสตร์การแพทย์ และสุขภาพ
วิทยาศาสตร์การแพทย์ และสุขภาพ
WS105 พ262จ ฉ.4 
  Barcode: 004843
ห้องสมุดวิทยาเขตสวรรค์ประชารักษ์
►หนังสือทั่วไป
บนชั้น
5. วิทยาศาสตร์การแพทย์ และสุขภาพ
วิทยาศาสตร์การแพทย์ และสุขภาพ
WS105 พ262จ ฉ.5 
  Barcode: 004844
ห้องสมุดวิทยาเขตสวรรค์ประชารักษ์
►หนังสือทั่วไป
ถูกยืม กำหนดส่งวันที่ 22 มีนาคม 2569
  จอง
6. วิทยาศาสตร์การแพทย์ และสุขภาพ
วิทยาศาสตร์การแพทย์ และสุขภาพ
WS105 พ262จ ฉ.6 
  Barcode: 004845
ห้องสมุดวิทยาเขตสวรรค์ประชารักษ์
►หนังสือทั่วไป
บนชั้น

รายการใกล้เคียง
    ผู้แต่ง [พรรณทิพย์ ศิริวรรณบุศย์]

    หัวเรื่อง [จิตวิทยา]
    หัวเรื่อง [จิตวิทยาประยุกต์]
    หัวเรื่อง [Psychology, Applied]

BibComment


ยังไม่เคยถูกคอมเมนท์

คอมเมนท์ทรัพยากรรายการนี้
  คอมเมนท์: จิตวิทยาพัฒนาการ..


 Copyright 2026. Bcnsprnw @Library